Tratado de géneros, derecho y justicia : Derecho penal y sistema judicial. Tomo II /
Guardado en:
| Otros Autores: | , , , , , , |
|---|---|
| Formato: | Libro |
| Idioma: | Spanish |
| Publicado: |
Santa Fe :
Rubinzal - Culzoni,
2020.
|
| Edición: | 1a. ed. rev. |
| Materias: | |
| Etiquetas: |
Agregar Etiqueta
Sin Etiquetas, Sea el primero en etiquetar este registro!
|
| LEADER | 01304nam a22003375a 4500 | ||
|---|---|---|---|
| 001 | DER.der014918 | ||
| 008 | 231101s2020####ag############000#0#spa#d | ||
| 005 | 20231102131604.0 | ||
| 245 | 1 | 0 | |a Tratado de géneros, derecho y justicia : |b Derecho penal y sistema judicial. |p Tomo II / |c Marisa Herrera [et. al.]. |
| 250 | |a 1a. ed. rev. | ||
| 260 | |a Santa Fe : |b Rubinzal - Culzoni, |c 2020. | ||
| 300 | |a 483 p. | ||
| 500 | |a Coordinadoras de la obra Cecilia Marcela Hopp, María Fernanda López Puleio, Soledad Deza, Mariela Belski, Flora Sofía Acselrad, Romina Pzellinsky. | ||
| 020 | |a 9789873014833 | ||
| 100 | 1 | |a Herrera, Marisa, |e dir. | |
| 700 | 1 | |a Fernández, Silvia E., |e dir. | |
| 700 | 1 | |a De la Torre, Natalia., |e dir. | |
| 700 | 1 | |a Videtta, Carolina, |e coord. gral. | |
| 700 | 1 | |a Hopp, Cecilia Marcela., |e coord. | |
| 700 | 1 | |a López Puleio, María Fernanda., |e coord. | |
| 700 | 1 | |a Deza, Soledad., |e coord. | |
| 700 | 1 | |a Belski, Mariela., |e coord. | |
| 700 | 1 | |a Acselrad, Flora Sofía., |e coord. | |
| 700 | 1 | |a Pzellinsky, Romina., |e coord. | |
| 650 | 7 | |a DERECHO PENAL | |
| 650 | 7 | |a GENERO | |
| 650 | 7 | |a VIOLENCIAS | |
| 650 | 7 | |a EJECICIO DE LA ABOGACIA | |
| 650 | 7 | |a LITIGIO ESTRATEGICO | |
| 650 | 7 | |a CAPACITACION EN GENERO Y DERECHO | |
| 859 | |a DERECHO |b BIB. DERECHO |h 345.01 |i TRA |p 0010002 |3 Tomo II | ||
